[Event "32nd GER-ch Seniors-65 2020"]
[Site "Magdeburg"]
[Date "2020.08.18"]
[Round "5.11"]
[White "Krueger, Erich"]
[Black "Kierzek, Mira"]
[Result "1/2-1/2"]
[WhiteElo "2102"]
[BlackElo "2001"]
[Annotator "TA"]
[PlyCount "64"]
[EventDate "2020.08.14"]
[EventType "swiss"]
[EventCountry "GER"]
[SourceTitle "playchess.com"]
[Source "ChessBase"]
[SourceQuality "1"]

{[%evp 11,64,8,21,8,9,-10,-4,-2,0,-44,-31,-59,-59,-59,-59,-59,-59,-74,-60,-97,-98,-135,-89,-103,-89,-89,-92,-102,-100,-161,-149,-139,-95,-93,-95,-106,-50,-81,-61,-76,0,-52,-46,-89,-89,-92,0,0,0,-135,-126,-129,-122,-133,-108]} 1. d4 d5 2. c4 c6 3. Nf3 Nf6 4. e3 Bf5 5. Nc3 e6 6. Be2 Be7 7. O-O {D12: Slav Defence: 3 Nf3 Nf6 4 e3 Bf5.} h6 {7...Nbd7 is setting a new trend.} 8. Ne5 O-O 9. f4 {The position is equal.} Nbd7 10. g4 Bh7 {[#]} 11. g5 $146 ({Predecessor:} 11. b3 Bb4 12. Bb2 Bxc3 13. Bxc3 Ne4 14. Qe1 Ndf6 15. Rc1 Rc8 16. h4 Nd7 17. g5 Nxe5 18. dxe5 hxg5 19. hxg5 Nxg5 20. fxg5 Qxg5+ {1-0 (39) Wik,B (1823)-Granlund,S (1453) Ostersund 2018}) 11... hxg5 $1 12. fxg5 Ne4 {aiming for ...Nxc3.} 13. g6 $1 fxg6 {Threatens to win with ...Nxc3.} 14. Nxe4 {[#] Hoping for Rxf8+.} Nxe5 15. dxe5 {Black must now prevent Rxf8+.} dxe4 16. Bg4 Qc8 17. Bd2 g5 18. Rxf8+ Bxf8 19. Bc3 Bf5 20. Bxf5 (20. Bd4 $17 {was necessary.}) 20... exf5 $19 21. Qh5 Qe6 22. Qxg5 Be7 23. Qh5 g6 (23... Bc5 $17 {...f4 is the strong threat.} 24. Qg5 Rf8) 24. Qh6 $15 Bf8 25. Qg5 Be7 26. Qh6 Rd8 27. Kh1 Bf8 $36 {[%mdl 2048] Black is in control.} 28. Qg5 Be7 ({Better is} 28... Rd3 $17) 29. Qh6 $11 Bf8 30. Qh3 (30. Qg5 $1 $11 {was the only way to keep the balance.} Rd3 31. Rg1) 30... Rd7 ({Don't play} 30... Qxc4 $6 31. Rg1 $11) 31. Rg1 Rh7 32. Qg3 Kg7 {Accuracy: White = 62%, Black = 76%.} 1/2-1/2

[Event "32nd GER-ch Seniors-65 2020"]
[Site "Magdeburg"]
[Date "2020.08.18"]
[Round "5.12"]
[White "Hilbig, Dieter"]
[Black "Falk, Thomas"]
[Result "1/2-1/2"]
[WhiteElo "1884"]
[BlackElo "2093"]
[Annotator "TA"]
[PlyCount "55"]
[EventDate "2020.08.14"]
[EventType "swiss"]
[EventCountry "GER"]
[SourceTitle "playchess.com"]
[Source "ChessBase"]
[SourceQuality "1"]

{[%evp 16,55,-8,-18,-7,-19,27,37,31,39,53,54,52,41,45,44,43,40,45,32,66,29,43,11,11,6,6,0,60,58,53,52,57,47,100,25,58,44,44,30,51,39]} 1. e4 e5 2. Nf3 Nc6 3. Bc4 Bc5 4. c3 Nf6 5. d4 exd4 6. O-O Nxe4 7. cxd4 d5 8. dxc5 dxc4 9. Qe2 {9.Qe2 scores better than 9.Qxd8+.} Qd3 {C56: Two Knights: 4 d4 exd4 5 0-0 Nxe4.} 10. Re1 Qxe2 (10... f5 {feels hotter.} 11. Nbd2 O-O 12. Nxe4 fxe4 13. Qxe4 Bf5) 11. Rxe2 f5 $1 12. Nc3 O-O 13. Nxe4 fxe4 14. Rxe4 Bf5 15. Rxc4 Rad8 {[#] ( -> ...Rd1+)} 16. Be3 Be6 17. Rc3 {[#]} Nb4 $146 ({Predecessor:} 17... h6 18. a3 Rf7 19. Re1 Rd5 20. Bxh6 Bg4 21. Bc1 Bxf3 22. gxf3 Rfd7 23. Kg2 Kf7 {1-0 (32) Zimmermann,P-Haas,S (2265) Germany 1994}) 18. Bg5 Rd5 19. Re1 Bg4 {White must now prevent ...Bxf3.} 20. Bh4 Bxf3 21. gxf3 Nd3 (21... Rd2 $11) 22. Rd1 $1 $14 Nf4 {[%cal Rd5d1]} 23. Rxd5 Nxd5 24. Ra3 a6 {[#]} (24... Ra8 $14) 25. Rb3 (25. c6 $1 $16 {[%mdl 512]}) 25... b6 26. cxb6 cxb6 27. Rd3 Rf5 28. Bg3 {Accuracy: White = 77%, Black = 57%.} 1/2-1/2

[Event "32nd GER-ch Seniors-65 2020"]
[Site "Magdeburg"]
[Date "2020.08.19"]
[Round "6.1"]
[White "Dresen, Ulrich"]
[Black "Andersen, Knut"]
[Result "1-0"]
[WhiteElo "2230"]
[BlackElo "2047"]
[Annotator "ChessBase"]
[PlyCount "109"]
[EventDate "2020.08.14"]
[EventType "swiss"]
[EventCountry "GER"]
[SourceTitle "playchess.com"]
[Source "ChessBase"]
[SourceQuality "1"]
[TimeControl "40/5400+30:1800+30"]

1. d4 {[%emt 0:00:00]} Nf6 {[%emt 0:00:00]} 2. Nf3 {[%emt 0:00:00]} e6 {[%emt 0:00:00]} 3. Bf4 {[%emt 0:00:00]} c5 {[%emt 0:00:26]} 4. e3 {[%emt 0:00:48]} Nc6 {[%emt 0:02:00]} 5. c3 {[%emt 0:00:13]} d5 {[%emt 0:01:04]} 6. Nbd2 {[%emt 0:00:12]} cxd4 {[%emt 0:02:33]} 7. exd4 {[%emt 0:00:59]} Bd6 {[%emt 0:00:29]} 8. Bg3 {[%emt 0:00:21]} O-O {[%emt 0:01:53]} 9. Bb5 {[%emt 0:14:00]} Qc7 {[%emt 0:02:18]} 10. O-O {[%emt 0:04:32]} Bd7 {[%emt 0:13:53]} 11. Re1 {[%emt 0:05:52]} Bxg3 {[%emt 0:05:48]} 12. hxg3 {[%emt 0:00:11]} Rfe8 {[%emt 0:06:24]} 13. Qe2 {[%emt 0:12:19]} g6 {[%emt 0:15:59]} 14. Rad1 {[%emt 0:09:19]} a6 {[%emt 0:04:38]} 15. Bxc6 {[%emt 0:02:41]} Bxc6 {[%emt 0:00:07]} 16. Ne5 {[%emt 0:04:51]} Nd7 {[%emt 0:00:49]} 17. Qf3 {[%emt 0:06:01]} Nxe5 {[%emt 0:02:53]} 18. Rxe5 {[%emt 0:00:48]} Kg7 {[%emt 0:01:35]} 19. Rde1 {[%emt 0:00:49]} Qd6 {[%emt 0:05:44]} 20. Qg4 {[%emt 0:08:07]} Bd7 {[%emt 0:01:04]} 21. f4 {[%emt 0:02:11]} f6 {[%emt 0:00:39]} 22. R5e3 {[%emt 0:01:34]} h5 {[%emt 0:15:19]} 23. Qh4 {[%emt 0:05:01]} b5 {[%emt 0:01:14]} 24. Nf3 {[%emt 0:01:42]} Rf8 {[%emt 0:03:05]} 25. Nd2 {[%emt 0:03:24]} a5 {[%emt 0:00:22]} 26. Nb3 {[%emt 0:00:04]} Rae8 {[%emt 0:05:04]} 27. Nc5 {[%emt 0:00:31]} Bc8 {[%emt 0:02:29]} 28. b4 {[%emt 0:00:56]} axb4 {[%emt 0:00:37]} 29. cxb4 {[%emt 0:00:06]} Re7 {[%emt 0:01:17]} 30. Rf1 {[%emt 0:00:47]} Ra7 {[%emt 0:00:27]} 31. Rf2 {[%emt 0:01:13]} Rff7 {[%emt 0:02:40]} 32. Rfe2 {[%emt 0:00:31]} Rfe7 {[%emt 0:00:23]} 33. Kf2 {[%emt 0:00:15]} Kh6 {[%emt 0:00:40]} 34. Qxf6 {[%emt 0:00:20]} Rf7 {[%emt 0:00:28]} 35. Qg5+ {[%emt 0:00:54]} Kh7 {[%emt 0:00:16]} 36. Kg1 {[%emt 0:04:01]} Rf5 {[%emt 0:01:42]} 37. Qh4 {[%emt 0:00:05]} Qf8 {[%emt 0:00:17]} 38. Kh2 {[%emt 0:01:05]} Qg7 {[%emt 0:01:09]} 39. Qd8 {[%emt 0:00:45]} Rf8 {[%emt 0:00:35]} 40. Qb6 {[%emt 0:00:39]} Raf7 {[%emt 0:00:41]} 41. Rxe6 {[%emt 0:32:18]} h4 {[%emt 0:30:52]} 42. gxh4 {[%emt 0:05:58]} Rxf4 {[%emt 0:00:00]} 43. Re7 {[%emt 0:00:00]} Rxh4+ {[%emt 0:00:00]} 44. Kg1 {[%emt 0:00:00]} Rf7 {[%emt 0:00:00]} 45. Rxf7 {[%emt 0:00:00]} Qxf7 {[%emt 0:00:00]} 46. Qd8 {[%emt 0:00:00]} Qf4 {[%emt 0:00:00]} 47. Re7+ {[%emt 0:00:00]} Kh6 {[%emt 0:00:00]} 48. Qh8+ {[%emt 0:00:00]} Kg5 {[%emt 0:00:00]} 49. Qe5+ {[%emt 0:00:00]} Qxe5 {[%emt 0:00:00]} 50. Rxe5+ {[%emt 0:00:00]} Bf5 {[%emt 0:00:00]} 51. Rxd5 {[%emt 0:00:00]} Kf6 {[%emt 0:00:00]} 52. g3 {[%emt 0:00:00]} Rh8 {[%emt 0:00:00]} 53. Rd6+ {[%emt 0:00:00]} Ke7 {[%emt 0:00:00]} 54. Rb6 {[%emt 0:00:00]} Rd8 {[%emt 0:00:00]} 55. Rxb5 {[%emt 0:00:00]} 1-0

[Event "32nd GER-ch Seniors-65 2020"]
[Site "Magdeburg"]
[Date "2020.08.19"]
[Round "6.2"]
[White "Kierzek, Matthias"]
[Black "Schulz, Michael"]
[Result "1-0"]
[WhiteElo "2228"]
[BlackElo "2132"]
[Annotator "ChessBase"]
[PlyCount "112"]
[EventDate "2020.08.14"]
[EventType "swiss"]
[EventCountry "GER"]
[SourceTitle "playchess.com"]
[Source "ChessBase"]
[SourceQuality "1"]
[TimeControl "40/5400+30:1800+30"]

1. d4 {[%emt 0:00:00]} Nf6 {[%emt 0:00:00]} 2. c4 {[%emt 0:00:00]} c5 {[%emt 0:00:00]} 3. d5 {[%emt 0:00:00]} e6 {[%emt 0:00:00]} 4. Nc3 {[%emt 0:00:00]} exd5 {[%emt 0:00:00]} 5. cxd5 {[%emt 0:00:00]} d6 {[%emt 0:00:06]} 6. Nf3 {[%emt 0:00:02]} g6 {[%emt 0:00:15]} 7. Bf4 {[%emt 0:00:07]} Bg7 {[%emt 0:00:28]} 8. Qa4+ {[%emt 0:00:14]} Bd7 {[%emt 0:00:12]} 9. Qb3 {[%emt 0:00:08]} b5 {[%emt 0:00:47]} 10. Bxd6 {[%emt 0:00:07]} Qb6 {[%emt 0:00:07]} 11. Be5 {[%emt 0:00:06]} c4 {[%emt 0:00:14]} 12. Qd1 {[%emt 0:02:24]} O-O {[%emt 0:00:18]} 13. e3 {[%emt 0:00:06]} b4 {[%emt 0:00:35]} 14. Nb1 {[%emt 0:00:05]} Rc8 {[%emt 0:00:37]} 15. Be2 {[%emt 0:00:07]} Bf5 {[%emt 0:01:25]} 16. Nfd2 {[%emt 0:08:56]} Nbd7 {[%emt 0:09:07]} 17. Bd4 {[%emt 0:00:59]} Qa5 {[%emt 0:09:53]} 18. Nxc4 {[%emt 0:03:35]} Qxd5 {[%emt 0:00:47]} 19. Nbd2 {[%emt 0:00:19]} Nc5 {[%emt 0:06:55]} 20. O-O {[%emt 0:05:34]} Rab8 {[%emt 0:06:15]} 21. Nb3 {[%emt 0:13:28]} Na4 {[%emt 0:17:35]} 22. Bxa7 {[%emt 0:02:17]} Ra8 {[%emt 0:05:48]} 23. Qxd5 {[%emt 0:02:37]} Nxd5 {[%emt 0:00:06]} 24. Bd4 {[%emt 0:00:11]} Bxd4 {[%emt 0:00:27]} 25. Nxd4 {[%emt 0:00:42]} Be6 {[%emt 0:03:28]} 26. Nxe6 {[%emt 0:08:39]} fxe6 {[%emt 0:00:05]} 27. a3 {[%emt 0:09:00]} Rab8 {[%emt 0:04:25]} 28. Bg4 {[%emt 0:15:35]} Nc5 {[%emt 0:06:04]} 29. axb4 {[%emt 0:01:16]} Rxb4 {[%emt 0:00:50]} 30. Rfc1 {[%emt 0:03:46]} h5 {[%emt 0:03:40]} 31. Nd6 {[%emt 0:01:58]} Rc7 {[%emt 0:01:59]} 32. Bf3 {[%emt 0:12:43]} Rxb2 {[%emt 0:01:29]} 33. h4 {[%emt 0:02:08]} Kf8 {[%emt 0:04:25]} 34. Nc4 {[%emt 0:03:27]} Nb3 {[%emt 0:04:35]} 35. Nxb2 {[%emt 0:00:30]} Rxc1+ {[%emt 0:00:07]} 36. Rxc1 {[%emt 0:00:05]} Nxc1 {[%emt 0:00:04]} 37. Be4 {[%emt 0:01:39]} Kg7 {[%emt 0:01:03]} 38. Nd3 {[%emt 0:02:43]} Nxd3 {[%emt 0:03:26]} 39. Bxd3 {[%emt 0:00:03]} Kf6 {[%emt 0:00:25]} 40. Bc4 {[%emt 0:01:25]} Ne7 {[%emt 0:00:40]} 41. g3 {[%emt 0:31:36]} e5 {[%emt 0:31:02]} 42. f3 {[%emt 0:00:00]} Nf5 {[%emt 0:00:00]} 43. Kf2 {[%emt 0:00:00]} Nd6 {[%emt 0:00:00]} 44. Bd3 {[%emt 0:00:00]} Nb7 {[%emt 0:00:00]} 45. f4 {[%emt 0:00:00]} exf4 {[%emt 0:00:00]} 46. gxf4 {[%emt 0:00:00]} Nc5 {[%emt 0:00:00]} 47. Bc2 {[%emt 0:00:00]} Ne6 {[%emt 0:00:00]} 48. Kf3 {[%emt 0:00:00]} Nd8 {[%emt 0:00:00]} 49. e4 {[%emt 0:00:00]} Nc6 {[%emt 0:00:00]} 50. Ba4 {[%emt 0:00:00]} Ne7 {[%emt 0:00:00]} 51. Bd7 {[%emt 0:00:00]} Ng8 {[%emt 0:00:00]} 52. Ke3 {[%emt 0:00:00]} Ke7 {[%emt 0:00:00]} 53. Bh3 {[%emt 0:00:00]} Kf6 {[%emt 0:00:00]} 54. Kd4 {[%emt 0:00:00]} Ne7 {[%emt 0:00:00]} 55. Kc5 {[%emt 0:00:00]} Kf7 {[%emt 0:00:00]} 56. Kd6 {[%emt 0:00:00]} g5 1-0

[Event "32nd GER-ch Seniors-65 2020"]
[Site "Magdeburg"]
[Date "2020.08.19"]
[Round "6.3"]
[White "Harringer, Manfred"]
[Black "Khanukov, Boris"]
[Result "1/2-1/2"]
[WhiteElo "2008"]
[BlackElo "2291"]
[Annotator "ChessBase"]
[PlyCount "100"]
[EventDate "2020.08.14"]
[EventType "swiss"]
[EventCountry "GER"]
[SourceTitle "playchess.com"]
[Source "ChessBase"]
[SourceQuality "1"]
[TimeControl "40/5400+30:1800+30"]

1. e4 {[%emt 0:00:00]} g6 {[%emt 0:00:00]} 2. d4 {[%emt 0:00:00]} Bg7 {[%emt 0:00:00]} 3. Nc3 {[%emt 0:00:37]} c6 {[%emt 0:00:12]} 4. Nf3 {[%emt 0:01:18]} d5 {[%emt 0:00:23]} 5. exd5 {[%emt 0:05:20]} cxd5 {[%emt 0:01:12]} 6. Bb5+ {[%emt 0:00:08]} Nc6 {[%emt 0:00:46]} 7. O-O {[%emt 0:02:11]} a6 {[%emt 0:00:41]} 8. Bxc6+ {[%emt 0:04:25]} bxc6 {[%emt 0:00:09]} 9. Na4 {[%emt 0:03:16]} Bg4 {[%emt 0:00:52]} 10. c3 {[%emt 0:00:25]} Nf6 {[%emt 0:01:31]} 11. h3 {[%emt 0:03:54]} Bxf3 {[%emt 0:00:22]} 12. Qxf3 O-O {[%emt 0:01:00]} 13. Nc5 {[%emt 0:02:03]} Nd7 {[%emt 0:00:23]} 14. Nd3 {[%emt 0:01:19]} Re8 {[%emt 0:05:50]} 15. Qg4 {[%emt 0:07:25]} e6 {[%emt 0:03:55]} 16. Re1 {[%emt 0:06:21]} a5 {[%emt 0:07:19]} 17. Bf4 {[%emt 0:04:10]} Qe7 {[%emt 0:02:08]} 18. Qg3 {[%emt 0:00:22]} a4 {[%emt 0:09:19]} 19. Bd6 {[%emt 0:02:02]} Qd8 {[%emt 0:01:10]} 20. Re2 {[%emt 0:01:33]} Qc8 {[%emt 0:01:55]} 21. Rae1 {[%emt 0:00:32]} Nf6 {[%emt 0:01:45]} 22. Nc5 {[%emt 0:03:45]} Nd7 {[%emt 0:03:19]} 23. Nd3 {[%emt 0:00:07]} Ra5 {[%emt 0:00:43]} 24. f4 {[%emt 0:05:24]} Kh8 {[%emt 0:04:05]} 25. Be5 Rg8 {[%emt 0:15:05]} 26. Bxg7+ {[%emt 0:09:32]} Rxg7 {[%emt 0:00:09]} 27. Qh4 {[%emt 0:01:34]} Qf8 {[%emt 0:04:26]} 28. Ne5 {[%emt 0:04:12]} Nxe5 {[%emt 0:02:00]} 29. fxe5 {[%emt 0:00:25]} c5 {[%emt 0:01:08]} 30. b4 {[%emt 0:02:56]} axb3 {[%emt 0:01:09]} 31. axb3 {[%emt 0:00:14]} g5 {[%emt 0:00:45]} 32. Qg4 {[%emt 0:07:15]} cxd4 {[%emt 0:01:24]} 33. cxd4 {[%emt 0:06:03]} Rb5 {[%emt 0:01:55]} 34. Re3 {[%emt 0:02:14]} Qb8 {[%emt 0:03:14]} 35. Qd1 {[%emt 0:00:28]} Qb6 {[%emt 0:04:43]} 36. Rf1 {[%emt 0:01:22]} Rb4 {[%emt 0:00:18]} 37. Rd3 {[%emt 0:00:09]} Qd8 {[%emt 0:05:39]} 38. Qh5 {[%emt 0:03:20]} Kg8 {[%emt 0:01:54]} 39. Rc1 {[%emt 0:03:05]} Rg6 {[%emt 0:02:17]} 40. Qd1 {[%emt 0:04:36]} Rb7 {[%emt 0:03:22]} 41. Qc2 {[%emt 0:33:32]} g4 {[%emt 0:31:23]} 42. Qc6 {[%emt 0:00:00]} Rb8 {[%emt 0:00:00]} 43. Qc7 {[%emt 0:00:00]} gxh3 {[%emt 0:00:00]} 44. Qxd8+ {[%emt 0:00:00]} Rxd8 {[%emt 0:00:00]} 45. Rxh3 {[%emt 0:00:00]} Rg4 {[%emt 0:00:00]} 46. Rd1 {[%emt 0:00:00]} Rc8 {[%emt 0:00:00]} 47. Rhd3 {[%emt 0:00:00]} Kf8 {[%emt 0:00:00]} 48. Rf1 {[%emt 0:00:00]} Ke8 {[%emt 0:00:00]} 49. Rf2 {[%emt 0:00:00]} Re4 {[%emt 0:00:00]} 50. Rdf3 {[%emt 0:00:47]} Rc7 {[%emt 0:00:00]} 1/2-1/2

[Event "32nd GER-ch Seniors-65 2020"]
[Site "Magdeburg"]
[Date "2020.08.19"]
[Round "6.4"]
[White "Strobel, Walter"]
[Black "Postler, Reinhard"]
[Result "1/2-1/2"]
[WhiteElo "2150"]
[BlackElo "2238"]
[Annotator "TA"]
[PlyCount "43"]
[EventDate "2020.08.14"]
[EventType "swiss"]
[EventCountry "GER"]
[SourceTitle "playchess.com"]
[Source "ChessBase"]
[SourceQuality "1"]

{[%evp 25,43,22,35,0,21,0,38,35,33,26,33,23,19,0,20,0,0,0,30,0]} 1. e4 c5 2. Nf3 e6 3. d4 cxd4 4. Nxd4 a6 5. Nc3 Qc7 6. g3 Nf6 7. Bg2 Be7 8. O-O d6 9. a4 Bd7 10. a5 Nc6 11. Nxc6 Bxc6 12. Be3 Nd7 13. Re1 O-O 14. f4 {B80: Sicilian Scheveningen: 6 g3 and 6 Be3, including English Attack.} Bf6 15. Qd3 {[#]} Be7 $146 ({Predecessor:} 15... Rac8 16. Bf2 Rfd8 17. Ra3 Be7 18. Ra2 Qb8 19. b3 d5 20. exd5 Nf6 21. Bb6 Rd7 {½-½ (45) Tiviakov,S (2611)-Guliev,L (2415) Malatya 2015}) 16. Bf2 {White is slightly better.} Rac8 17. Red1 Rfd8 18. Qc4 Qb8 19. Qe2 Re8 20. Qd3 Nc5 21. Qe2 Nd7 22. Qd3 {Accuracy: White = 76%, Black = 87%.} 1/2-1/2

[Event "32nd GER-ch Seniors-65 2020"]
[Site "Magdeburg"]
[Date "2020.08.19"]
[Round "6.5"]
[White "Syre, Christian"]
[Black "Krauseneck, Peter"]
[Result "0-1"]
[WhiteElo "2222"]
[BlackElo "2120"]
[Annotator "ChessBase"]
[PlyCount "105"]
[EventDate "2020.08.14"]
[EventType "swiss"]
[EventCountry "GER"]
[SourceTitle "playchess.com"]
[Source "ChessBase"]
[SourceQuality "1"]
[TimeControl "40/5400+30:1800+30"]

1. Nf3 {[%emt 0:00:00]} f5 {[%emt 0:00:00]} 2. g3 {[%emt 0:00:25]} Nf6 {[%emt 0:00:00]} 3. Bg2 {[%emt 0:00:01]} e6 {[%emt 0:00:02]} 4. c4 {[%emt 0:00:44]} c6 {[%emt 0:00:48]} 5. O-O {[%emt 0:01:36]} Be7 {[%emt 0:02:17]} 6. Nc3 {[%emt 0:01:27]} O-O {[%emt 0:00:31]} 7. Qc2 {[%emt 0:00:52]} d5 {[%emt 0:00:10]} 8. d4 {[%emt 0:00:37]} Ne4 {[%emt 0:01:14]} 9. Rb1 {[%emt 0:00:21]} Nd7 {[%emt 0:00:50]} 10. b4 {[%emt 0:00:45]} a6 {[%emt 0:12:32]} 11. Bf4 {[%emt 0:11:45]} g5 {[%emt 0:02:53]} 12. Be5 {[%emt 0:00:04]} g4 {[%emt 0:12:59]} 13. Ne1 {[%emt 0:00:23]} Nxe5 {[%emt 0:03:38]} 14. dxe5 {[%emt 0:00:02]} Ng5 {[%emt 0:04:14]} 15. cxd5 {[%emt 0:15:53]} exd5 {[%emt 0:06:59]} 16. Nd3 {[%emt 0:01:40]} Ne6 {[%emt 0:01:07]} 17. f4 {[%emt 0:13:02]} gxf3 {[%emt 0:07:17]} 18. exf3 {[%emt 0:00:10]} f4 {[%emt 0:00:25]} 19. Qf2 {[%emt 0:09:47]} Kh8 {[%emt 0:02:34]} 20. Na4 {[%emt 0:01:14]} Bg5 {[%emt 0:07:20]} 21. Kh1 {[%emt 0:10:15]} Qe8 {[%emt 0:11:08]} 22. Nb6 {[%emt 0:08:14]} Rb8 {[%emt 0:00:05]} 23. Nxc8 {[%emt 0:00:36]} Rxc8 {[%emt 0:00:11]} 24. Bh3 {[%emt 0:00:16]} Rc7 {[%emt 0:00:20]} 25. Bxe6 {[%emt 0:01:40]} Qxe6 {[%emt 0:00:02]} 26. g4 {[%emt 0:00:28]} h5 {[%emt 0:05:35]} 27. Rg1 {[%emt 0:02:31]} Rh7 {[%emt 0:01:48]} 28. Rb2 {[%emt 0:02:25]} hxg4 {[%emt 0:06:25]} 29. Rxg4 {[%emt 0:00:03]} Qf5 {[%emt 0:05:17]} 30. Qd4 {[%emt 0:02:32]} Rh5 {[%emt 0:04:33]} 31. Rbg2 {[%emt 0:00:49]} Kh7 {[%emt 0:00:03]} 32. e6 {[%emt 0:08:38]} Bf6 {[%emt 0:00:51]} 33. Qxf4 {[%emt 0:06:43]} Qxd3 {[%emt 0:00:29]} 34. Qc7+ {[%emt 0:00:26]} Kh8 {[%emt 0:00:31]} 35. Rg8+ {[%emt 0:00:01]} Rxg8 {[%emt 0:00:10]} 36. Rxg8+ {[%emt 0:00:01]} Kxg8 {[%emt 0:00:02]} 37. Qf7+ {[%emt 0:00:07]} Kh8 {[%emt 0:00:31]} 38. Qxh5+ {[%emt 0:00:27]} Qh7 {[%emt 0:00:37]} 39. Qe8+ {[%emt 0:00:01]} Qg8 {[%emt 0:00:43]} 40. Qh5+ {[%emt 0:00:01]} Kg7 {[%emt 0:00:23]} 41. Qg4+ {[%emt 0:11:01]} Kf8 {[%emt 0:00:35]} 42. e7+ {[%emt 0:00:03]} Bxe7 {[%emt 0:01:04]} 43. Qc8+ {[%emt 0:00:07]} Kf7 {[%emt 0:02:20]} 44. Qf5+ {[%emt 0:02:08]} Ke8 {[%emt 0:00:57]} 45. Qc8+ {[%emt 0:00:28]} Bd8 {[%emt 0:00:31]} 46. Qxb7 {[%emt 0:00:18]} Qe6 {[%emt 0:01:12]} 47. Qxa6 {[%emt 0:01:03]} Bc7 {[%emt 0:00:43]} 48. Kg2 {[%emt 0:01:43]} Kd7 {[%emt 0:00:29]} 49. Qd3 {[%emt 0:01:24]} Qe5 {[%emt 0:01:00]} 50. a3 {[%emt 0:03:28]} Qxh2+ {[%emt 0:01:18]} 51. Kf1 {[%emt 0:00:02]} Qh3+ {[%emt 0:04:12]} 52. Ke2 {[%emt 0:00:53]} Bb6 {[%emt 0:01:40]} 53. Kd1 {[%emt 0:02:40]} 0-1

[Event "32nd GER-ch Seniors-65 2020"]
[Site "Magdeburg"]
[Date "2020.08.19"]
[Round "6.6"]
[White "Rosen, Willy"]
[Black "Waltenberger, Udo"]
[Result "0-1"]
[WhiteElo "2165"]
[BlackElo "2005"]
[Annotator "TA"]
[PlyCount "65"]
[EventDate "2020.08.14"]
[EventType "swiss"]
[EventCountry "GER"]
[SourceTitle "playchess.com"]
[Source "ChessBase"]
[SourceQuality "1"]

{[%evp 12,65,-10,-6,12,-4,-8,-10,-10,0,6,4,9,-32,-25,-89,-85,-107,-89,-114,-98,-117,-87,-101,-87,-100,-98,-95,-110,-95,-100,-111,-106,-123,-118,-119,-96,-95,-55,-60,-36,-25,-34,-31,0,-12,-16,-19,0,-54,-45,-29967,-29965,-29989,-1974,-29999]} 1. e4 c5 2. Nc3 Nc6 3. f4 g6 4. Nf3 Bg7 5. Bb5 Nd4 6. O-O Nxb5 7. Nxb5 d5 {B23: Closed Sicilian: Lines without g3.} 8. exd5 a6 {[%cal Ba7a6,Ba6a5][%mdl 32]} 9. Nc3 Nf6 {The position is equal.} 10. d4 c4 11. Qe2 b5 {[%cal Bb7b5,Bb5b4][%mdl 32]} 12. a4 b4 13. Na2 {[#]} (13. Nd1 $11) 13... a5 $1 $17 14. Re1 O-O {[#]} 15. Bd2 $146 ({Predecessor:} 15. Qxc4 Bb7 16. Qe2 Bxd5 17. Ne5 Rc8 18. c4 bxc3 19. Nxc3 Be6 20. Be3 Nd5 21. Nxd5 Bxd5 {½-½ (49) Kosanovic,G (2389)-Ristic,N (2437) Kragujevac 2013}) 15... Nxd5 16. Qxc4 Ba6 17. Qb3 Rc8 {White must now prevent ...Bc4.} 18. c3 {[%cal Rc3b4]} Bc4 19. Qd1 {[%cal Rc3b4]} Bxa2 20. Rxa2 {[%cal Ba1a2,Ba2d2,Bd2d5][%mdl 32]} bxc3 21. bxc3 Nxc3 22. Bxc3 Rxc3 23. Rd2 Qc7 24. Ne5 e6 25. d5 $1 Bxe5 26. fxe5 exd5 27. Rxd5 Rc8 28. Qd2 Qb6+ 29. Kh1 Rc2 $36 {[%mdl 2048] Black fights for an advantage.} 30. Qg5 (30. Qd1 $11) 30... Qc6 31. Red1 $2 {[%mdl 8192] [#]} (31. Rdd1 $15) 31... Qxd5 $1 {[%cal Rd5d1][%mdl 512]} 32. Re1 (32. Rxd5 Rc1+) 32... Kg7 (32... h6 $142 33. Qg4 Rc1 34. Rg1 Rxg1+ 35. Kxg1 Rc1+ 36. Kf2 Rc2+ 37. Qe2 Qd4+ {[%mdl 64] Double Attack} 38. Kf1 Qf4+ {[%mdl 64] Double Attack} 39. Ke1 Rc1+ 40. Qd1 Qe3+ 41. Kf1 Rxd1#) 33. Rd1 {Accuracy: White = 68%, Black = 86%.} 0-1

[Event "32nd GER-ch Seniors-65 2020"]
[Site "Magdeburg"]
[Date "2020.08.19"]
[Round "6.7"]
[White "Boidman, Yuri"]
[Black "Ellenberg, Ekkehard"]
[Result "1-0"]
[WhiteElo "2328"]
[BlackElo "2051"]
[Annotator "TA"]
[PlyCount "47"]
[EventDate "2020.08.14"]
[EventType "swiss"]
[EventCountry "GER"]
[SourceTitle "playchess.com"]
[Source "ChessBase"]
[SourceQuality "1"]

{[%evp 14,47,13,9,43,35,63,46,39,39,82,91,73,61,97,96,103,93,112,71,84,63,101,94,193,183,208,208,233,229,300,300,308,305,705,661]} 1. e4 c5 2. Nf3 d6 3. d4 cxd4 4. Qxd4 Nc6 5. Bb5 Bd7 6. Bxc6 Bxc6 7. Nc3 e6 8. Bg5 Qa5 {B53: Sicilian: 2...d6: Lines with Qxd4.} 9. O-O {[#]} Qc5 $146 ({Predecessor:} 9... h6 10. Bh4 e5 11. Qd3 g5 12. Bg3 Nf6 13. Nd2 Be7 14. Nc4 Qc5 15. Rfd1 O-O-O {1-0 (33) Simonsen,O (2201)-Petersen,T (2003) Faroe Islands 2016}) 10. Qxc5 dxc5 {White is slightly better.} 11. Ne5 f6 12. Nxc6 fxg5 13. Ne5 $36 {[%mdl 2048] White has good play.} Rc8 14. Nc4 a6 15. a4 {[%cal Ba2a4,Ba4a5][%mdl 32]} Be7 16. e5 Nh6 17. Rad1 Nf7 18. Ne4 Rc6 (18... b5 $16) 19. a5 $18 h6 20. Rd3 Rc8 21. Rfd1 O-O 22. Rd7 Rfd8 23. Nc3 Rb8 $2 {[#]} (23... Kf8 24. Rxb7 Rd4) 24. Rxe7 {Black got outplayed after the opening. Accuracy: White = 92%, Black = 29%.} 1-0